000 00779cab a2200241 4500
001 ABS56463
008 090401t1997 xxu||||| |||| 00| 0 eng d
035 _a(Sirsi) u23800
041 _aeng
100 _aMoreton, P.
245 _aWhy is home insulation non-U with government?
260 _c1997
350 _a0
490 _aCSM (Chartered Surveyor Monthly)
_v6(4) January 1997, 28(1)
520 _aArgues that while energy conservation is being addressed in new homes, there is much to be done with the nation`s older stock.
650 _aBUILT ENVIRONMENT-CONSTRUCTION DESIGN
650 _aDOMESTIC PROPERTY
650 _aENERGY EFFICIENCY
650 _aINSULATION
690 _aENVIRONMENTAL AND LAND CONSULTANCY-ENERGY
942 _n0
948 _c04/03/1997
999 _c15935
_d15935